000 00610cam a22001817a 4500
008 180718b2014 xxu||||| |||| 00| 0 eng d
020 _a9789322008345
082 _aA99 Am16 J173
100 _aJadhav, Narendra
245 _aAmbedkar writes
_cEdited by Narendra Jadhav
260 _aNew Delhi
_bKonark
_c2014
300 _a2 vols
500 _aConents: vol.1 Political writings, 530p., vol.2 Scholarly writings, 529p.
650 _aIndia -- Politics and government
650 _aSocial classes -- India
650 _aReverse discrimination -- India
650 _aAmbedkar, B. R. (Bhimrao Ramji), 1891-1956
999 _c443460
_d443460